| 000 | 00584nam a2200193 a 4500 | ||
|---|---|---|---|
| 005 | 20210223122536.0 | ||
| 008 | 991125s1974 mx 000 0 spa u | ||
| 035 | _aUPN01000037613 | ||
| 049 | _aCG | ||
| 050 | 4 |
_aQA188 _bB7.48 |
|
| 100 | 1 | _aBrickell, F. | |
| 245 | 1 | 0 |
_aMatrices y espacios rectoriales / _cF. Brickell ; tr. Ricardo Viños. |
| 260 |
_aMéxico : _bLimusa, _c1974. |
||
| 300 |
_a115 p. : _bil. |
||
| 440 | 0 |
_aSerie Limusa : selección de problemas resueltos ; _v8 |
|
| 650 | 4 |
_aESPACIOS VECTORIALES _922340 |
|
| 650 | 4 |
_aMATRICES (MATEMATICAS) _926917 |
|
| 905 | _aLibro | ||
| 999 |
_c37613 _d37613 |
||